Renewable energy engineering : (Record no. 112621)
[ view plain ]
| 000 -LEADER | |
|---|---|
| fixed length control field | 00628nam a22001937a 4500 |
| 003 - CONTROL NUMBER IDENTIFIER | |
| control field | BD-ChCU |
| 005 - DATE AND TIME OF LATEST TRANSACTION | |
| control field | 20260504112115.0 |
| 008 - FIXED-LENGTH DATA ELEMENTS--GENERAL INFORMATION | |
| fixed length control field | 260504b sh||||| |||| 00| 0 eng d |
| 020 ## - INTERNATIONAL STANDARD BOOK NUMBER | |
| International Standard Book Number | 9781681087191 |
| 040 ## - CATALOGING SOURCE | |
| Transcribing agency | BD-ChCU |
| 082 ## - DEWEY DECIMAL CLASSIFICATION NUMBER | |
| Edition number | 23 |
| Classification number | 621.042 R294 |
| 245 ## - TITLE STATEMENT | |
| Title | Renewable energy engineering : |
| Remainder of title | solar,wind,biomass,hydrogen and geothermal energy systems / |
| Statement of responsibility, etc. | Edited by Emmanuel D Rogdakis. |
| 260 ## - PUBLICATION, DISTRIBUTION, ETC. | |
| Place of publication, distribution, etc. | Sharjah : |
| Name of publisher, distributor, etc. | Benthan Science Pub., |
| Date of publication, distribution, etc. | 2018 |
| 300 ## - PHYSICAL DESCRIPTION | |
| Extent | 400 P. : |
| 504 ## - BIBLIOGRAPHY, ETC. NOTE | |
| Bibliography, etc. note | Includes. |
| 650 #0 - SUBJECT ADDED ENTRY--TOPICAL TERM | |
| Topical term or geographic name entry element | Energy engineering ; Solar energy. |
| 9 (RLIN) | 22285 |
| 700 ## - ADDED ENTRY--PERSONAL NAME | |
| Personal name | Rogdakis, Emmanuel D. |
| 9 (RLIN) | 22287 |
| Relator term | Editor |
| 942 ## - ADDED ENTRY ELEMENTS (KOHA) | |
| Source of classification or shelving scheme | Dewey Decimal Classification |
| Koha item type | Books |
| Suppress in OPAC | No |
| Withdrawn status | Lost status | Source of classification or shelving scheme | Damaged status | Not for loan | Home library | Current library | Shelving location | Date acquired | Source of acquisition | Total Checkouts | Full call number | Barcode | Date last seen | Copy number | Price effective from | Koha item type | Public note |
|---|---|---|---|---|---|---|---|---|---|---|---|---|---|---|---|---|---|
| Dewey Decimal Classification | Chittagong University Library | Chittagong University Library | Science Reading Room | 05/04/2026 | purchase | 621.042 R294 V.3 | 343453 | 05/04/2026 | C-1 | 05/04/2026 | Books | V.3 :Recent advandes in renewable energy. | |||||
| Dewey Decimal Classification | Chittagong University Library | Chittagong University Library | Science Reading Room | 05/04/2026 | purchase | 621.042 R294 V.3 | 343454 | 05/04/2026 | C-2 | 05/04/2026 | Books | V.3 :Recent advandes in renewable energy. |